|
|
|
|
| LEADER |
00000naa2a2200000 4500 |
| 001 |
156160 |
| 005 |
20231031152935.0 |
| 035 |
|
|
|a (RuTPU)RU\TPU\book\169361
|
| 090 |
|
|
|a 156160
|
| 100 |
|
|
|a 20090324d2008 k y0rusy50 ca
|
| 101 |
0 |
|
|a rus
|
| 102 |
|
|
|a RU
|
| 200 |
1 |
|
|a К вопросу психологической адаптации иностранных студентов
|f Н. В. Провалова
|
| 320 |
|
|
|a Библиогр.: 6 назв.
|
| 461 |
|
1 |
|0 (RuTPU)RU\TPU\book\164988
|t Методология обучения и повышения эффективности академической, социально-культурной и психологической адаптации иностранных студентов в российском вузе: теоретические и прикладные аспекты
|o материалы Всероссийского семинара, 21-23 октября 2008 г.
|f Томский политехнический университет (ТПУ), Институт международного образования и языковой коммуникации (ИМОиЯК)
|d 2008
|
| 463 |
|
0 |
|0 (RuTPU)RU\TPU\book\163845
|y 5-87307-071-7
|t Т. 2
|v С. 96-100
|d 2008
|p 200 с.
|
| 610 |
1 |
|
|a иностранные студенты
|
| 610 |
1 |
|
|a психологическая адаптация
|
| 610 |
1 |
|
|a адаптация
|
| 610 |
1 |
|
|a личность
|
| 610 |
1 |
|
|a труды учёных ТПУ
|
| 610 |
1 |
|
|a высшее образование
|
| 610 |
1 |
|
|a вузы
|
| 700 |
|
1 |
|a Провалова
|b Н. В.
|c медик
|c доцент Томского политехнического университета, доктор медицинских наук
|f 1973-
|g Надежда Валерьевна
|2 stltpush
|3 (RuTPU)RU\TPU\pers\25972
|
| 801 |
|
1 |
|a RU
|b 63413507
|c 20090324
|g PSBO
|
| 801 |
|
2 |
|a RU
|b 63413507
|c 20151214
|g RCR
|
| 942 |
|
|
|c BK
|